Statistics for FIFA 22 Premier League TOTS

Click here to take the quiz!

General Stats

  • This quiz has been taken 261 times
    (243 since last reset)
  • The average score is 19 of 20

Answer Stats

ClubPositionRatingAnswer% Correct
LiverpoolRW97Mohamed Salah
100%
TottenhamST96Harry Kane
98%
TottenhamLW95Heung-Min Son
98%
LiverpoolCB96Virgil Van Dijk
98%
Man UnitedST97Cristiano Ronaldo
97%
Man UnitedGK93David De Gea
97%
LiverpoolGK95Alisson
96%
West HamCDM92Declan Rice
96%
Man CityCM96Kevin De Bruyne
96%
LiverpoolLW96Sadio Mane
96%
LiverpoolRB92Trent Alexander-Arnold
96%
ArsenalRM91Bukayo Saka
95%
Man CityLB95Joao Cancelo
95%
Man CityCB95Ruben Dias
95%
Man CityCDM90Rodri
93%
Man CityCM94Bernardo Silva
91%
Man UnitedCM93Bruno Fernandes
89%
LiverpoolCF91Diogo Jota
89%
Man CityCAM92Phil Foden
82%
TottenhamRF92Dejan Kulusevski
70%

Score Distribution

Percentile by Number Answered

Percent of People with Each Score

Your Score History

You have not taken this quiz since the last reset